Quels sont les modèles de voitures préférés des français ? - Statistiques

Statistiques générales
  • Ce quiz a été pris 176 fois
  • Le résultat moyen est 6 sur 10
Statistiques - réponses
rang nom du modèle % Correct
2 Renault Clio 5
94%
1 Peugeot 208
88%
7 Peugeot 3008
76%
5 Citroën C3
75%
4 Peugeot 2008
63%
10 Renault Megane
63%
9 Renault Twingo
44%
8 Dacia Duster
38%
3 Dacia Sandero
37%
6 Renault Captur
34%
Aucun quiz correspondant
Distribution des résultats
% des personnes avec chaque résultat
Percentile par nombre de réponses
Votre historique - résultats
Vous n’avez pas pris ce quiz